Biotech industry guide (Record no. 40861)

MARC details
000 -LEADER
fixed length control field 00366nam a2200133Ia 4500
082 ## - DEWEY DECIMAL CLASSIFICATION NUMBER
Classification number 573.6:338.45(036)
Item number GHO
100 ## - MAIN ENTRY--AUTHOR NAME
Personal name Ghosh, P K
245 #0 - TITLE STATEMENT
Title Biotech industry guide
260 ## - PUBLICATION, DISTRIBUTION, ETC. (IMPRINT)
Place of publication New Delhi
Name of publisher Biotech consortium India Ltd
Year of publication 1995
650 ## - SUBJECT ADDED ENTRY--TOPICAL TERM
Topical Term Biotechnology industry
650 ## - SUBJECT ADDED ENTRY--TOPICAL TERM
Topical Term Patent guideline
942 ## - ADDED ENTRY ELEMENTS (KOHA)
Koha item type Books
Holdings
Withdrawn status Lost status Damaged status Not for loan Home library Current library Date acquired Cost, normal purchase price Full call number Accession Number Koha item type
        RRII Library RRII Library 16/12/2021 500.00 573.6:338.45(036) GHO 21155 Books